English 8 básico: texto para el estudiante
Tallennettuna:
| Päätekijä: | |
|---|---|
| Aineistotyyppi: | Kirja |
| Kieli: | englanti |
| Julkaistu: |
Santiago
Santillana del Pacífico
2006
|
| Painos: | 1a. ed |
| Aiheet: | |
| Tagit: |
Lisää tagi
Ei tageja, Lisää ensimmäinen tagi!
|
MARC
| LEADER | 00000nam a2200000 a 4500 | ||
|---|---|---|---|
| 001 | UCK9658 | ||
| 003 | CL-VaPUC | ||
| 008 | 060519e20060000CL |||||||||||||||||eng|d | ||
| 020 | |a 9561511207 | ||
| 082 | 0 | 4 | |a 372.6521 |b MON |2 21 |
| 100 | |a Montes Molina, Carmen Cecilia |e autora |9 611963 | ||
| 245 | 1 | 0 | |a English 8 básico: texto para el estudiante |
| 250 | |a 1a. ed | ||
| 300 | |a 104 p | ||
| 942 | |c BK | ||
| 945 | |d 20060519 00:00:00 |a cmena | ||
| 260 | |a Santiago |b Santillana del Pacífico |c 2006 | ||
| 500 | |a Complementario con cassette y con Guía didáctica para el profesor | ||
| 650 | 0 | |a Enseñanza del inglés |9 367340 | |
| 650 | 0 | |a Lengua inglesa |9 318842 | |
| 650 | 0 | |a Educación básica |9 224933 | |
| 650 | 0 | |a Libros de texto |9 270019 | |
| 583 | |a last modification |c 20130527 14:36:10 |k Rodrigo Vera | ||
| 999 | |c 316738 |d 316736 | ||
| 952 | |0 0 |1 0 |4 0 |6 372_652100000000000_MON_2006 |7 0 |8 A |9 391669 |a BIBEDU |b BIBEDU |d 2019-11-22 |i 4234405 |o 372.6521 MON 2006 |p 4234405 |r 2019-11-22 |w 2019-11-22 |y BK |k LIT | ||
| 952 | |0 0 |1 0 |4 0 |6 372_652100000000000_MON_2006 |7 0 |8 A |9 391670 |a BIBEDU |b BIBEDU |d 2019-11-22 |i 4234413 |o 372.6521 MON 2006 |p 4234413 |r 2019-11-22 |w 2019-11-22 |y BK |k LIT | ||
| 952 | |0 0 |1 0 |4 0 |6 372_652100000000000_MON_2006 |7 0 |8 A |9 391671 |a BIBEDU |b BIBEDU |d 2019-11-22 |i 4252659 |o 372.6521 MON 2006 |p 4252659 |r 2019-11-22 |w 2019-11-22 |y BK |k EBA | ||
| 952 | |0 0 |1 0 |4 0 |6 372_652100000000000_MON_2006 |7 0 |8 A |9 391672 |a BIBEDU |b BIBEDU |d 2019-11-22 |i 4252667 |o 372.6521 MON 2006 |p 4252667 |r 2019-11-22 |w 2019-11-22 |y BK |k EBA | ||
| 952 | |0 0 |1 0 |4 0 |6 372_652100000000000_MON_2006 |7 0 |8 A |9 391673 |a BIBEDU |b BIBEDU |d 2019-11-22 |i 4252675 |o 372.6521 MON 2006 |p 4252675 |r 2019-11-22 |w 2019-11-22 |y BK |k EBA | ||
| 952 | |0 0 |1 0 |4 0 |6 372_652100000000000_MON_2006 |7 0 |8 A |9 391674 |a BIBEDU |b BIBEDU |d 2019-11-22 |i 4267346 |o 372.6521 MON 2006 |p 4267346 |r 2019-11-22 |w 2019-11-22 |y BK |k LIT | ||
| 952 | |0 0 |1 0 |4 0 |6 372_652100000000000_MON_2006 |7 0 |8 A |9 391675 |a FDOPOS |b FDOPOS |d 2019-11-22 |i 4267621 |o 372.6521 MON 2006 |p 4267621 |r 2025-01-22 |w 2019-11-22 |y BK |k MLA | ||